000 00392nam a2200169Ia 4500
008 221030s9999 xx 000 0 und d
020 _a817444271
041 _aEnglish
082 _a105.23
_bKum
100 _aD. Kumar
245 0 _aManagement Information Systems
260 _bExcel Books
_aNew Delhi
_c478
300 _a478
650 _aMBA Computers
700 _aS. Gupta
942 _cBK
999 _c658
_d658